Representations of discrete functions (Record no. 63774)

000 -LEADER
fixed length control field 00510nam a22001937a 4500
003 - CONTROL NUMBER IDENTIFIER
control field NUST - PNEC
005 - DATE AND TIME OF LATEST TRANSACTION
control field 20170116180822.0
008 - FIXED-LENGTH DATA ELEMENTS--GENERAL INFORMATION
fixed length control field 150623b xxu||||| |||| 00| 0 eng d
020 ## - INTERNATIONAL STANDARD BOOK NUMBER
International Standard Book Number 0792397207
040 ## - CATALOGING SOURCE
Transcribing agency LIBRARY
082 ## - DEWEY DECIMAL CLASSIFICATION NUMBER
Classification number 621.3950 SAS
100 ## - MAIN ENTRY--PERSONAL NAME
9 (RLIN) 4171
Personal name Sasao, Tsutomu
245 ## - TITLE STATEMENT
Title Representations of discrete functions
Statement of responsibility, etc. Tsutomu Sasao
250 ## - EDITION STATEMENT
Edition statement -
260 ## - PUBLICATION, DISTRIBUTION, ETC.
Place of publication, distribution, etc. London
Name of publisher, distributor, etc. Kluwer Academic Publishers
Date of publication, distribution, etc. c1996.
300 ## - PHYSICAL DESCRIPTION
Extent 331 p. :
650 ## - SUBJECT ADDED ENTRY--TOPICAL TERM
9 (RLIN) 4172
Topical term or geographic name entry element Logic design
General subdivision EE
942 ## - ADDED ENTRY ELEMENTS (KOHA)
Source of classification or shelving scheme
Koha item type Book
Holdings
Withdrawn status Lost status Source of classification or shelving scheme Damaged status Not for loan Permanent Location Current Location Shelving location Date acquired Source of acquisition Cost, normal purchase price Total Checkouts Full call number Barcode Date last seen Cost, replacement price Price effective from Koha item type
          Pakistan Navy Engineering College (PNEC) Pakistan Navy Engineering College (PNEC)   12/03/1997 - / Library / Reference Grant 712.00   621.3950 SAS PNECLIB-019645 06/23/2015 712.00 12/03/1997 Book
© 2023 Central Library, National University of Sciences and Technology. All Rights Reserved.